000 00637nam a2200205 a 4500
005 20140310183314.0
008 051018s19uu xx 00 eng d
020 _a9780071408851
050 _aHG 4529
_b.Sp61985 2003
100 _aSpaulding, David
245 _aInvestment performance attribution :
_ba guide to what it is, how to calculate it and how to use it /
_cDavid Spaulding.
260 _aNew York :
_bMcGraw-Hill,
_c2003.
300 _a253 p. :
_c25 cm.
521 _aBSBA
650 _aInvestment analysis.
650 _assRate of return.
650 _aPortfolio management.
942 _cBK
_2lcc
_kFOR
999 _c21228
_d21228